World's Famous Mountains - Statistics

General Stats
  • This quiz has been taken 43 times
  • The average score is 17 of 20
Answer Stats
Mountain Country % Correct
Mount Everest Nepal | China
100%
Mount Olympus Greece
97%
Mount Fuji Japan
97%
K2 Pakistan | China
97%
Mount Kilimanjaro Tanzania
94%
Denali / Mount McKinley United States
94%
Mont Blanc / Monte Bianco France | Italy
91%
Aconcagua Argentina
89%
Mount Cook / Aoraki New Zealand
86%
Mount Elbrus Russia
86%
Matterhorn Switzerland | Italy
86%
Mount Logan Canada
80%
Zugspitze Germany
80%
Mount Ararat Turkey
80%
Mt Sinai Egypt
74%
Ben Nevis United Kingdom
74%
Mount Kosciuszko Australia
71%
Table Mountain South Africa
69%
Popocatepetl Mexico
63%
Chimborazo Ecuador
54%
No matching quizzes found
Score Distribution
Percent of People with Each Score
Percentile by Number Answered
Your Score History
You have not taken this quiz